000 01371nam a2200289 a 4500
001 000027824
003 OCoLC
005 20260321073641.0
008 081209s2000 dr ac 000 0 spa d
020 _a99341008X
040 _aDO-SdBNP
_bspa
_cBNPHU
082 _a355.033573
_3B742p, 2000
100 1 _a Bosch, Juan,
_d1909-2001
_976555
245 1 3 _aEl pentagonismo, sustituto del imperialismo /
_cJuan Bosch.
250 _a3a ed.
260 _aSanto Domingo :
_bAlfa & Omega,
_c2000.
_g(reimpresión 2009)
300 _a173 p. :
_bil., retrs. ;
_c21 cm.
500 _aLos ejemplares 3, 4 y 5 son reimpresiones del 2009
504 _aIncluye referencias bibliográficas y notas al pie de las páginas.
505 0 _tPrefacio --
_tQué es el pentagonismo
_tEl nacimiento del pentagonismo --
_tExpansión del pentagonismo --
_tLa sociedad pentagonizada --
_tPolítica y pentagonismo --
_tDoctrina y moral del pensamiento --
_tEl pentagonismo y América Latina --
_tEl pentagonismo hacia el poder total --
_tApéndice al prefacio --
_tApéndice I --
_tApéndice II --
_tApéndice III.
590 _aInventariado, 2018/ YL
651 4 _aEstados Unidos
_xPolítica Militar
_91496
651 4 _aEstados Unidos
_xSeguridad Nacional
_91497
651 4 _aEstados Unidos
_xRelaciones Exteriores
_91498
650 0 _aImperialismo
_91499
910 _aValidado. Control de calidad MMOLINA
999 _c27316
_d27316